Strukturális folyamatok a vágósertés-piacon az EU-csatlakozás után

Since the Change of Regime in Hungary (1989), and especially after the country’s accession to the European Union (2004), the domestic pork product chain has faced its greatest challenge in which producing and processing industries were mainly affected. Despite the fact that the accession took place...

Teljes leírás

Elmentve itt :
Bibliográfiai részletek
Szerző: Csonka Arnold
Dokumentumtípus: Cikk
Megjelent: 2012
Sorozat:Közép-európai közlemények 5 No. 2
Kulcsszavak:Közgazdaságtudomány
Online Access:http://acta.bibl.u-szeged.hu/29954
LEADER 01985nab a2200193 i 4500
001 acta29954
005 20210505145827.0
008 161017s2012 hu o 0|| hun d
022 |a 1789-6339 
040 |a SZTE Egyetemi Kiadványok Repozitórium  |b hun 
041 |a hun 
100 1 |a Csonka Arnold 
245 1 0 |a Strukturális folyamatok a vágósertés-piacon az EU-csatlakozás után  |h [elektronikus dokumentum] /  |c  Csonka Arnold 
260 |c 2012 
300 |a 115-122 
490 0 |a Közép-európai közlemények  |v 5 No. 2 
520 3 |a Since the Change of Regime in Hungary (1989), and especially after the country’s accession to the European Union (2004), the domestic pork product chain has faced its greatest challenge in which producing and processing industries were mainly affected. Despite the fact that the accession took place six years ago, domestic participants situated in the lower levels of product chain are still greatly threatened by trade and competition within the EU. This permanent threat can not be cured by intervention either by state or red tape. The operators of slaughter pig market have to volunteer to work out common strategic movements and tactical steps to find a solution. In order to find successful strategies, the characteristics of transactions about quality, quantity, price and others have to be known. In my dissertation I have dealt with the tangible and measurable aspects of such processes. By means of structural comparison of domestic and foreign pig farming, it may be concluded, that the extremely scattered system of home pig breeding means a severe competitive disadvantage in the EU. In order to decrease our competitive disadvantage – besides real concentration and centralization of capital – more roles have to be given to organizations based on joint estates and integrations coordinated by market contracts. 
695 |a Közgazdaságtudomány 
856 4 0 |u http://acta.bibl.u-szeged.hu/29954/1/kek_017_115-122.pdf  |z Dokumentum-elérés